Pre-Euro Currencies - Statistics

General Stats
  • This quiz has been taken 52,486 times
    21,925 since last reset
  • The average score is 8 of 17
Answer Stats
Country Currency % Correct
Belgium, France, Luxembourg, Monaco Franc
90%
Cyprus Pound (aka Lira)
90%
Italy, Malta, San Marino, Vatican Lira
84%
Germany Mark
84%
Ireland Pound (aka Punt)
78%
Greece Drachma
43%
Spain Peseta
43%
Austria Schilling
41%
Netherlands Guilder
35%
Finland Markka
32%
Portugal Escudo
26%
Slovakia Koruna
25%
Croatia Kuna
25%
Estonia Kroon
23%
Latvia Lats
12%
Lithuania Litas
10%
Slovenia Tolar
10%
No matching quizzes found
Score Distribution
Percent of People with Each Score
Percentile by Number Answered
Your Score History
You have not taken this quiz since the last reset